[Event "GRE-ch U16"]
[Site "Patras"]
[Date "2019.06.29"]
[Round "7.5"]
[White "Malataras, Gerasimos"]
[Black "Vardakas, Grigorios"]
[Result "0-1"]
[WhiteElo "1941"]
[BlackElo "2045"]
[PlyCount "120"]
[EventDate "2019.06.25"]
[EventType "swiss"]
[EventRounds "9"]
[EventCountry "GRE"]
[SourceTitle "EXT 2020"]
[Source "ChessBase"]
[SourceDate "2019.10.17"]
[SourceVersion "1"]
[SourceVersionDate "2019.10.17"]
[SourceQuality "1"]
[WhiteTeam "Greece"]
[BlackTeam "Greece"]
[WhiteTeamCountry "GRE"]
[BlackTeamCountry "GRE"]

1. d4 Nf6 2. c4 e6 3. Nc3 Bb4 4. e3 0-0 5. Bd3 c5 6. Nf3 cxd4 7. exd4 d5 8. 0-0 dxc4 9. Bxc4 Nc6 10. Bg5 Be7 11. a3 b6 12. Qd3 Bb7 13. Rad1 Rc8 14. Rfe1 h6 15. Bh4 Re8 16. Ba2 Nh7 17. Bxe7 Nxe7 18. d5 Nxd5 19. Nxd5 Bxd5 20. Bxd5 Qxd5 21. Qxd5 exd5 22. Rxe8+ Rxe8 23. Rxd5 Ng5 24. Ne5 f6 25. Nd3 Kf7 26. Rd7+ Re7 27. Rxe7+ Kxe7 28. f3 Kd6 29. Kf2 Kd5 30. Ke3 Kc4 31. Nc1 a5 32. Kd2 a4 33. Ke3 Ne6 34. h4 g6 35. Ke4 Nc5+ 36. Ke3 b5 37. g3 Ne6 38. Ke4 Nd4 39. Ke3 Nf5+ 40. Kf4 Ne7 41. g4 Kd5 42. Ke3 g5 43. hxg5 hxg5 44. Ne2 Nc6 45. Nc3+ Kc4 46. Ke4 Na7 47. Nd1 Kb3 48. Kd3 Nc6 49. Nc3 Kxb2 50. Nxb5 Kb3 51. Ke4 Ne5 52. Kf5 Nc4 53. Kxf6 Nxa3 54. Nxa3 Kxa3 55. Kxg5 Kb4 56. f4 a3 57. f5 a2 58. f6 a1Q 59. Kg6 Kc5 60. f7 Qh8 0-1

[Event "GRE-ch U16"]
[Site "Patras"]
[Date "2019.06.26"]
[Round "2.3"]
[White "Kouvidis, Ioannis"]
[Black "Malataras, Gerasimos"]
[Result "1-0"]
[WhiteElo "2053"]
[BlackElo "1941"]
[PlyCount "55"]
[EventDate "2019.06.25"]
[EventType "swiss"]
[EventRounds "9"]
[EventCountry "GRE"]
[SourceTitle "EXT 2020"]
[Source "ChessBase"]
[SourceDate "2019.10.17"]
[SourceVersion "1"]
[SourceVersionDate "2019.10.17"]
[SourceQuality "1"]
[WhiteTeam "Greece"]
[BlackTeam "Greece"]
[WhiteTeamCountry "GRE"]
[BlackTeamCountry "GRE"]

1. e4 e5 2. Nf3 Nc6 3. d4 exd4 4. Bc4 Nf6 5. Ng5 d5 6. exd5 Qe7+ 7. Kf1 Ne5 8. Qxd4 Nxc4 9. Qxc4 Qc5 10. Qxc5 Bxc5 11. Nc3 Bf5 12. Bf4 0-0 13. Bxc7 Bxc2 14. g3 h6 15. Nf3 Rac8 16. d6 Ng4 17. Kg2 Nxf2 18. Nd5 Rfe8 19. Rhc1 Ng4 20. Rxc2 Bxd6 21. Re1 Bxc7 22. Rxc7 Rcd8 23. Rxe8+ Rxe8 24. Rc8 Ne3+ 25. Kg1 Rxc8 26. Ne7+ Kf8 27. Nxc8 Nc4 28. b3 1-0

[Event "Wch U16"]
[Site "Porto Carras"]
[Date "2018.10.21"]
[Round "2"]
[White "Malataras, Gerasimos"]
[Black "Shubin, Kirill"]
[Result "0-1"]
[WhiteElo "1881"]
[BlackElo "2369"]
[PlyCount "78"]
[EventDate "2018.10.20"]
[EventType "swiss"]
[EventRounds "11"]
[EventCountry "GRE"]
[SourceTitle "CBM 187 Extra"]
[Source "ChessBase"]
[SourceDate "2018.11.04"]
[SourceVersion "1"]
[SourceVersionDate "2018.11.04"]
[SourceQuality "1"]

1. d4 e6 2. c4 Nf6 3. Nc3 Bb4 4. e3 0-0 5. Nge2 d5 6. a3 Be7 7. cxd5 exd5 8. Nf4 c6 9. Bd3 Na6 10. 0-0 Nc7 11. Bd2 Ne6 12. Rc1 Nxf4 13. exf4 Ne8 14. Qc2 h6 15. Ne2 Nd6 16. Ng3 f5 17. Bb4 Ne4 18. Bxe7 Qxe7 19. Rce1 Qf6 20. Ne2 Bd7 21. f3 Nd6 22. Qc3 Rae8 23. Nc1 g5 24. Re5 Nf7 25. Rxe8 Rxe8 26. Bc2 gxf4 27. Nd3 Re3 28. Re1 Nd6 29. Rxe3 Nb5 30. Nxf4 Nxc3 31. bxc3 Qd6 32. Nh5 Qxa3 33. Nf6+ Kf7 34. Nxd7 Qc1+ 35. Kf2 Qxc2+ 36. Kg3 f4+ 37. Kxf4 Qxg2 38. Ne5+ Kg7 39. Ng4 h5 0-1

[Event "GRE-ch U16"]
[Site "Rio Achaia"]
[Date "2018.07.09"]
[Round "9"]
[White "Koutis, Pavlos"]
[Black "Malataras, Gerasimos"]
[Result "0-1"]
[WhiteElo "1655"]
[BlackElo "1823"]
[PlyCount "94"]
[EventDate "2018.07.03"]
[EventType "swiss"]
[EventRounds "9"]
[EventCountry "GRE"]
[SourceTitle "EXT 2019"]
[Source "ChessBase"]
[SourceDate "2018.10.10"]
[SourceVersion "1"]
[SourceVersionDate "2018.10.10"]
[SourceQuality "1"]

1. e4 e6 2. d4 d5 3. Nc3 Nf6 4. Bg5 dxe4 5. Nxe4 Be7 6. Bxf6 gxf6 7. Nf3 f5 8. Nc3 a6 9. Qe2 b5 10. 0-0-0 b4 11. Na4 Qd5 12. b3 Nd7 13. Ne5 Nb6 14. Nxb6 cxb6 15. Qh5 Rf8 16. Bc4 Qa5 17. Kb1 b5 18. Bd3 Qb6 19. Rhe1 Bb7 20. g4 0-0-0 21. Qxh7 Qxd4 22. Qg7 fxg4 23. Qxg4 Qxg4 24. Nxg4 Bf3 25. Be2 Bxe2 26. Rxd8+ Rxd8 27. Rxe2 Rd1+ 28. Kb2 Rg1 29. Ne5 Bf6 30. a3 bxa3+ 31. Kxa3 Bxe5 32. Rxe5 Rg2 33. f4 Rxh2 34. f5 Rh5 35. Re4 Rxf5 36. c4 Kc7 37. Kb4 a5+ 38. Kc3 b4+ 39. Kc2 Rf2+ 40. Kb1 Rf5 41. Kc2 e5 42. Re3 f6 43. Kd3 Rf4 44. Rh3 e4+ 45. Ke3 Rf3+ 46. Rxf3 exf3 47. Kxf3 a4 0-1

[Event "GRE-ch U16"]
[Site "Rio Achaia"]
[Date "2018.07.04"]
[Round "3"]
[White "Loukopoulos, Panagiotis Athanasi"]
[Black "Malataras, Gerasimos"]
[Result "1/2-1/2"]
[WhiteElo "1942"]
[BlackElo "1823"]
[PlyCount "60"]
[EventDate "2018.07.03"]
[EventType "swiss"]
[EventRounds "9"]
[EventCountry "GRE"]
[SourceTitle "EXT 2019"]
[Source "ChessBase"]
[SourceDate "2018.10.10"]
[SourceVersion "1"]
[SourceVersionDate "2018.10.10"]
[SourceQuality "1"]

1. e4 e5 2. Nf3 Nc6 3. Nc3 Nf6 4. Bb5 Bb4 5. 0-0 0-0 6. d3 Bxc3 7. bxc3 d6 8. Bg5 Qe7 9. Re1 a6 10. Bxc6 bxc6 11. h3 a5 12. Nh2 h6 13. Bh4 Qe6 14. Qf3 Nh7 15. Ng4 Qg6 16. Ne3 Ng5 17. Qg3 Be6 18. Bxg5 Qxg5 19. Qxg5 hxg5 20. c4 Rfb8 21. Kf1 Rb2 22. Reb1 Rab8 23. Rxb2 Rxb2 24. Ke1 g6 25. g4 Kf8 26. Kd2 Ke7 27. Kc1 Rb8 28. Kd2 Rb2 29. Kc1 Rb8 30. Kd2 Rb2 1/2-1/2

[Event "GRE-ch U16"]
[Site "Rio Achaia"]
[Date "2018.07.04"]
[Round "2"]
[White "Malataras, Gerasimos"]
[Black "Triantos, Konstantinos"]
[Result "1/2-1/2"]
[WhiteElo "1823"]
[BlackElo "2078"]
[PlyCount "78"]
[EventDate "2018.07.03"]
[EventType "swiss"]
[EventRounds "9"]
[EventCountry "GRE"]
[SourceTitle "EXT 2019"]
[Source "ChessBase"]
[SourceDate "2018.10.10"]
[SourceVersion "1"]
[SourceVersionDate "2018.10.10"]
[SourceQuality "1"]

1. d4 Nf6 2. c4 e6 3. Nc3 Bb4 4. e3 0-0 5. Bd3 c5 6. Nf3 b6 7. 0-0 Bb7 8. Bd2 d5 9. a3 Ba5 10. Rb1 Nc6 11. cxd5 exd5 12. dxc5 bxc5 13. Ne2 Bc7 14. b4 c4 15. Bc2 Ne4 16. Ned4 Nxd4 17. Nxd4 Qd6 18. f4 Rfe8 19. Nb5 Qb6 20. Nxc7 Qxc7 21. Bxe4 Rxe4 22. Bc3 Qe7 23. Rf3 a5 24. bxa5 Qxa3 25. Rxb7 Qxc3 26. Qxd5 Qe1+ 27. Rf1 Qxe3+ 28. Kh1 Rf8 29. Rbb1 Rxf4 30. Rxf4 Qxf4 31. a6 c3 32. Qb3 Qd2 33. Rd1 Re8 34. h3 Re1+ 35. Rxe1 Qxe1+ 36. Kh2 Qe5+ 37. Kh1 Qe1+ 38. Kh2 Qe5+ 39. Kh1 Qe1+ 1/2-1/2

[Event "GRE-ch U14"]
[Site "Porto Rio"]
[Date "2016.06.29"]
[Round "2"]
[White "Alexakis, Dimitris"]
[Black "Malataras, Gerasimos"]
[Result "1-0"]
[WhiteElo "1974"]
[BlackElo "1641"]
[PlyCount "109"]
[EventDate "2016.06.28"]
[EventType "swiss"]
[EventRounds "9"]
[EventCountry "GRE"]
[SourceTitle "CBM 173 Extra"]
[Source "ChessBase"]
[SourceDate "2016.08.29"]
[SourceVersion "1"]
[SourceVersionDate "2016.08.29"]
[SourceQuality "1"]

1. e4 e6 2. d4 d5 3. Nc3 Nf6 4. Bg5 dxe4 5. Nxe4 Be7 6. Bxf6 gxf6 7. Nf3 b6 8. c3 Bb7 9. Qc2 f5 10. Ned2 Nd7 11. 0-0-0 c6 12. Bd3 Qc7 13. Rhe1 Nf8 14. Ne5 Ng6 15. Ndf3 Rf8 16. Bc4 b5 17. Bb3 Bf6 18. Nd3 0-0-0 19. Nc5 Nf4 20. g3 Nd5 21. Ne5 Be7 22. Nxf7 Rxf7 23. Nxe6 Qd6 24. Nxd8 Bxd8 25. Re5 f4 26. Rde1 Qh6 27. Kb1 Qxh2 28. Bxd5 cxd5 29. Rf5 Re7 30. Rxe7 Bxe7 31. Qe2 Qh1+ 32. Kc2 Qe4+ 33. Qxe4 dxe4 34. Rxf4 h6 35. Kd1 Kd7 36. Rf5 a6 37. Ke2 Ke6 38. Re5+ Kf6 39. b3 Bc6 40. c4 Bd6 41. Rh5 Kg6 42. Rh4 b4 43. Rg4+ Kf7 44. Ke3 Bd7 45. Rh4 Be7 46. Rf4+ Kg7 47. Rxe4 Kf6 48. Re5 Bd8 49. Rd5 Ke6 50. Rh5 Kf7 51. f4 a5 52. Ke4 Kg6 53. Rh2 Bf6 54. Kd5 Be7 55. c5 1-0

[Event "GRE-ch U12"]
[Site "Rio Achaia"]
[Date "2015.07.02"]
[Round "9.4"]
[White "Leftheriotis, Alexandros"]
[Black "Malataras, Gerasimos"]
[Result "1/2-1/2"]
[WhiteElo "1385"]
[BlackElo "1570"]
[PlyCount "76"]
[EventDate "2015.06.26"]
[EventType "swiss"]
[EventRounds "9"]
[EventCountry "GRE"]
[SourceTitle "EXT 2024"]
[Source "ChessBase"]
[SourceDate "2023.10.10"]
[SourceVersion "1"]
[SourceVersionDate "2023.10.10"]
[SourceQuality "1"]

1. e4 e6 2. d4 d5 3. e5 c5 4. c3 Nc6 5. Nf3 Qb6 6. Bd3 Nh6 7. 0-0 cxd4 8. cxd4 Nf5 9. Nc3 Nfxd4 10. Nxd4 Qxd4 11. Re1 Qb6 12. Bg5 h6 13. Bf4 a6 14. Rb1 Bd7 15. a3 Rc8 16. Na4 Qa7 17. Rc1 b5 18. Nc3 Na5 19. Bg3 Nc4 20. Qe2 Rc6 21. Nb1 Qc7 22. Nc3 Qc8 23. a4 b4 24. Nb1 a5 25. Bf4 g5 26. Be3 Nxe5 27. Rxc6 Bxc6 28. Bb5 Bd6 29. Bd4 Bxb5 30. Qxb5+ Qd7 31. Qxd7+ Kxd7 32. Bxe5 Bxe5 33. Rxe5 Rc8 34. Kf1 Rc2 35. Re2 Rc1+ 36. Re1 Rc2 37. Re2 Rc1+ 38. Re1 Rc2 1/2-1/2

[Event "GRE-ch U12"]
[Site "Rio Achaia"]
[Date "2015.06.30"]
[Round "7.3"]
[White "Vardakas, Grigorios"]
[Black "Malataras, Gerasimos"]
[Result "1/2-1/2"]
[WhiteElo "1739"]
[BlackElo "1570"]
[PlyCount "60"]
[EventDate "2015.06.26"]
[EventType "swiss"]
[EventRounds "9"]
[EventCountry "GRE"]
[SourceTitle "EXT 2024"]
[Source "ChessBase"]
[SourceDate "2023.10.10"]
[SourceVersion "1"]
[SourceVersionDate "2023.10.10"]
[SourceQuality "1"]

1. e4 e6 2. d4 d5 3. Nd2 Nf6 4. e5 Nfd7 5. Bd3 c5 6. c3 Nc6 7. Ne2 cxd4 8. cxd4 f6 9. exf6 Nxf6 10. 0-0 Bd6 11. Nf3 Qc7 12. h3 0-0 13. Be3 Nh5 14. Nc3 a6 15. Ng5 g6 16. Nf3 Nf4 17. Bxf4 Bxf4 18. Ne2 Bd6 19. Rc1 Qg7 20. Bb1 Bd7 21. a3 Na5 22. Ba2 Rac8 23. Rxc8 Rxc8 24. Nc1 Rf8 25. Nd3 Nc6 26. Nc1 Rf4 27. Ne2 Rf8 28. Nc1 Rf4 29. Ne2 Rf8 30. Nc1 Rf4 1/2-1/2